Géologie : objets et méthodes : cours et exercices résolus (Record no. 29463)

MARC details
000 -LEADER
fixed length control field 00616 a2200265 4500
020 ## - NUMERO INTERNATIONAL NORMALISE DES LIVRES
International Standard Book Number 2-10-004370-6
100 ## - VEDETTE PRINCIPALE - NOM DE PERSONNE
Personal name DERCOURT, Jean
130 ## - VEDETTE PRINCIPALE - TITRE UNIFORME
Language of a work FR
260 ## - PUBLICATION, DISTRIBUTION, ETC. (IMPRINT)
Place of publication, distribution, etc Paris
260 ## - PUBLICATION, DISTRIBUTION, ETC. (IMPRINT)
Name of publisher, distributor, etc Dunod
245 ## - TITLE STATEMENT
Title Géologie : objets et méthodes : cours et exercices résolus
260 ## - PUBLICATION, DISTRIBUTION, ETC. (IMPRINT)
Date of publication, distribution, etc 1999
250 ## - EDITION STATEMENT
Edition statement 10e refondue
300 ## - PHYSICAL DESCRIPTION
Extent x-457 p.
300 ## - PHYSICAL DESCRIPTION
Other physical details couv. ill. en coul., ill. ; 27 cm.
440 ## - SERIES STATEMENT/ADDED ENTRY--TITLE
Title Sciences Sup
650 ## - SUBJECT ADDED ENTRY--TOPICAL TERM
Topical term or geographic name as entry element Terre
650 ## - SUBJECT ADDED ENTRY--TOPICAL TERM
Topical term or geographic name as entry element Océans
650 ## - SUBJECT ADDED ENTRY--TOPICAL TERM
Topical term or geographic name as entry element Géologie
650 ## - SUBJECT ADDED ENTRY--TOPICAL TERM
Topical term or geographic name as entry element Science de la terre
650 ## - SUBJECT ADDED ENTRY--TOPICAL TERM
Topical term or geographic name as entry element Univers
700 1# - ADDED ENTRY--PERSONAL NAME
Personal name PAQUET, Jacques
Holdings
Withdrawn status Lost status Damaged status Not for loan Location (home branch) Sublocation or collection (holding branch) Date acquired Koha issues (times borrowed) Koha full call number Koha date last seen Copy number Price effective from Koha item type Public note
        Bibliothèque-Centre de Documentation de la Faculté des Sciences Agronomiques Bibliothèque-Centre de Documentation de la Faculté des Sciences Agronomiques     AGE.1999.013 28/02/2009 2 28/02/2009 Livre A.8484


© 2008, Bibliothèques de l'Université d'Abomey-Calavi

04 BP 789 Cotonou, Tél. : +229 21 36 01 01, Fax : +229 21 35 06 32

Courriel : bu@bu.uac.bj